|
|
|
|
| LEADER |
00000nkm a2200000 a 4500 |
| 001 |
vtls011596095 |
| 003 |
SK-MaSNL |
| 005 |
20260512125157.0 |
| 007 |
kp ao |
| 008 |
231214s1920 xr g kucze |
| 015 |
|
|
|a SNBG
|
| 035 |
|
|
|a urn:nbn:sk:snk-km00coku
|
| 035 |
|
|
|a urn:nbn:sk:snk-km3lpy5
|
| 035 |
|
|
|a 5324243E-C0C1-4504-8134-1AC76114B22F
|
| 040 |
|
|
|a SNK
|b slo
|c SNK
|e AACR2
|
| 041 |
0 |
|
|a cze
|
| 043 |
|
|
|a e-xr---
|
| 044 |
|
|
|a xr
|c CZ
|
| 080 |
|
|
|a 711.435
|2 2011
|
| 080 |
|
|
|a 913(437.3)
|2 2011
|
| 080 |
|
|
|a (084.121)
|2 2011
|
| 245 |
0 |
0 |
|a Třebíč
|h grafika
|b Karlovo námĕstí
|
| 260 |
|
|
|a V Třebiči
|b Jindřich Lorenz
|c 1920
|e Praha
|f Unie
|
| 300 |
|
|
|a 1 pohľadnica
|b tónovaná do zelena
|c 9 x 14 cm
|
| 520 |
8 |
|
|a Zobrazenie: pohľad na námestie s chodcami a konskými povozmi
|
| 651 |
|
7 |
|a Třebíč (Česko)
|2 SNKPH
|9 51232
|
| 655 |
|
7 |
|a miestne pohľadnice
|2 SNKPH
|9 70510
|
| 752 |
|
|
|a Česko
|d Třebíč
|
| 852 |
|
|
|a Slovenská národná knižnica
|
| 958 |
|
|
|a GC
|
| 958 |
|
|
|a ONDV
|
| 958 |
|
|
|a GBN
|
| 999 |
|
|
|c 1019810
|d 1021740
|
| 952 |
|
|
|a SNK
|b SNK
|y PREZ
|7 0
|p 17A1210640
|o snkSP 30895
|0 0
|1 0
|4 0
|d 2016-11-29
|f 1
|l 0
|r 2026-02-24 13:20:37
|w 2026-02-24
|